Zimbabwe Country Quiz - Statistics

General Stats
  • This quiz has been taken 1,855 times
  • The average score is 12 of 21
Answer Stats
Clue Answer % Correct
Country that colonized Zimbabwe United Kingdom
92%
Bordering country South Africa
91%
Bordering country Zambia
91%
Bordering country Mozambique
88%
Bordering country Botswana
86%
Financial disaster experienced by the country Hyper{inflation}
84%
Colonial name Southern {Rhodesia}
83%
Capital city Harare
82%
Famous waterfalls on that river Victoria Falls
75%
Tyrannical ruler who caused economic havoc (1987-2017) Robert Mugabe
62%
Currency RTGS Dollar
62%
River on the Northern border Zambezi
62%
Animal on flag Eagle
54%
Ancient city / namesake for the country {Great} Zimbabwe
33%
Second-largest city Bulawayo
26%
Colonial name of the above Salisbury
23%
Main ethnic group Shona
22%
Main ethnic group Ndebele
19%
Famously provocative goalkeeper who played for Liverpool FC Bruce Grobbelaar
17%
Main export good Tobacco
15%
Female swimmer who won Olympic gold in 2004 and 2008 Kirsty Coventry
12%
No matching quizzes found
Score Distribution
Percent of People with Each Score
Percentile by Number Answered
Your Score History
You have not taken this quiz